[Event "SV Mülheim-Nord 2 - SG Solingen 2"]
[Site "Oberliga NRW 2013/2014"]
[Date "2014.04.27"]
[Round "9.1"]
[White "Michalczak, Thomas"]
[Black "Rezasade, Amir"]
[Result "1/2-1/2"]
[WhiteElo "2296"]
[BlackElo "2268"]
[PlyCount "113"]
[EventDate "2014.??.??"]
[WhiteTeam "SG Solingen 2"]
[BlackTeam "SV Mülheim-Nord 2"]

1. e4 c6 2. d4 d5 3. Nc3 dxe4 4. Nxe4 Nd7 5. Bc4 e6 6. Nf3 Ngf6 7. Nxf6+ Nxf6
8. O-O Be7 9. c3 O-O 10. Qe2 Nd5 11. Ne5 f6 12. Nd3 Bd6 13. Bb3 Re8 14. Re1 Bd7
15. Bd2 Qb8 16. g3 b5 17. Qh5 Re7 18. Re2 Be8 19. Qf3 Bf7 20. Rae1 Qe8 21. Bf4
Rd8 22. Bxd5 cxd5 23. Bxd6 Rxd6 24. Qf4 Rd8 25. Nc5 Qc6 26. b4 Rde8 27. h4 Qb6
28. g4 a5 29. a3 h6 30. Re3 Bg6 31. Qg3 a4 32. R1e2 Qc6 33. Kh2 Qb6 34. f4 Bf7
35. f5 e5 36. dxe5 fxe5 37. Rxe5 Rxe5 38. Rxe5 Qf6 39. Rxe8+ Bxe8 40. Ne6 h5
41. gxh5 Kh7 42. h6 gxh6 43. Nd4 Qe7 44. Kh3 Qe4 45. Qf3 Qe1 46. Kg4 Qg1+ 47.
Qg3 Qf1 48. Qf3 Qg1+ 49. Kf4 Qe1 50. Qe3 Qxh4+ 51. Ke5 Bf7 52. Nxb5 Kg7 53.
Qg1+ Kf8 54. Qc5+ Kg7 55. Qg1+ Kf8 56. Qc5+ Kg7 57. Qg1+ 1/2-1/2

[Event "SV Mülheim-Nord 2 - SG Solingen 2"]
[Site "Oberliga NRW 2013/2014"]
[Date "2014.04.27"]
[Round "9.2"]
[White "Zwirs, Nico"]
[Black "Berg, Michael"]
[Result "1-0"]
[WhiteElo "2262"]
[BlackElo "2263"]
[PlyCount "131"]
[EventDate "2014.??.??"]
[WhiteTeam "SV Mülheim-Nord 2"]
[BlackTeam "SG Solingen 2"]

1. c4 Nf6 2. Nf3 g6 3. Nc3 Bg7 4. e4 d6 5. d4 O-O 6. Be2 e5 7. d5 a5 8. O-O Na6
9. Qc2 Nh5 10. g3 Qe8 11. Nh4 Nf6 12. a3 a4 13. f3 Bd7 14. Be3 Nc5 15. Rae1 Qe7
16. Bd1 Bh3 17. Ng2 Nfd7 18. Rf2 f5 19. exf5 Bxf5 20. Ne4 b6 21. Nh4 Bxe4 22.
fxe4 Rxf2 23. Kxf2 Nb3 24. Kg2 Nd4 25. Qc1 Nc5 26. Qb1 Bf6 27. Nf3 Re8 28. Rf1
Rf8 29. Bc2 Qd7 30. Qd1 Qg7 31. Bxa4 Nxe4 32. Bc2 Nc5 33. b4 Nd7 34. Qd2 Ra8
35. Bxd4 exd4 36. a4 Ne5 37. Nxe5 Bxe5 38. Bd1 Qd7 39. Qg5 Qd8 40. Qg4 d3 41.
Rf3 Bc3 42. Rxd3 Bxb4 43. Qe6+ Kg7 44. Rf3 Kh8 45. h4 Bd2 46. Rf7 Bc3 47. Bc2
Qg8 48. Re7 Qxe6 49. dxe6 Rf8 50. Be4 Bf6 51. Rxc7 Re8 52. Bd5 Re7 53. Rc6 Bd4
54. Rxd6 Kg7 55. Kf3 Kf6 56. Ke4 Bf2 57. g4 h6 58. h5 gxh5 59. gxh5 Kg5 60. Rd8
Kxh5 61. Kf5 Bc5 62. Rd7 Re8 63. Rh7 Rf8+ 64. Rf7 Re8 65. Bc6 Rc8 66. Bd7 1-0

[Event "SV Mülheim-Nord 2 - SG Solingen 2"]
[Site "Oberliga NRW 2013/2014"]
[Date "2014.04.27"]
[Round "9.3"]
[White "Gupta, Milon"]
[Black "Nabuurs, Joep"]
[Result "1/2-1/2"]
[WhiteElo "2236"]
[BlackElo "2213"]
[Annotator "Doe,John"]
[PlyCount "120"]
[EventDate "2014.??.??"]
[WhiteTeam "SG Solingen 2"]
[BlackTeam "SV Mülheim-Nord 2"]

1. Nf3 c5 2. c4 Nc6 3. d4 cxd4 4. Nxd4 Qb6 5. Nc2 Nf6 6. Nc3 e6 7. e3 Be7 8.
Be2 O-O 9. O-O Rd8 10. e4 d6 11. b3 Bd7 12. Be3 Qc7 13. Rc1 Be8 14. f4 a6 15.
Qd2 Rac8 16. Bf3 Rb8 17. g4 b5 18. g5 Nd7 19. cxb5 axb5 20. Nd4 Nxd4 21. Bxd4
Qa5 22. Rc2 b4 23. Ne2 e5 24. Be3 Nb6 25. Rd1 Rbc8 26. Rxc8 Rxc8 27. Ng3 exf4
28. Bxf4 g6 29. h4 Rc3 30. Kg2 Nd7 31. Ne2 Rc8 32. Rc1 Rxc1 33. Nxc1 Ne5 34.
Bxe5 dxe5 35. Qc2 Bd7 36. Be2 Qb6 37. Bc4 Bc5 38. Nd3 Bd4 39. Bd5 $11 Kg7 40.
Qd2 Qa5 41. a4 Qc7 42. Nxb4 Qc8 43. Nc2 Bb6 44. Ne3 Qc5 45. Qf2 f5 46. gxf6+
Kf8 47. Nd1 Qb4 48. Qe2 h5 49. Nf2 Qd4 50. Qe1 Bc5 51. b4 Ba7 52. b5 Qb2 53.
Bc6 Bg4 54. a5 Bd4 55. b6 Qb3 56. b7 Qf3+ 57. Kh2 Qf4+ 58. Kg2 Qf3+ 59. Kh2
Qf4+ 60. Kg2 Qf3+ 1/2-1/2

[Event "SV Mülheim-Nord 2 - SG Solingen 2"]
[Site "Oberliga NRW 2013/2014"]
[Date "2014.04.27"]
[Round "9.4"]
[White "Wittenberg, Andreas"]
[Black "Hubert, Ralf"]
[Result "1/2-1/2"]
[WhiteElo "2149"]
[BlackElo "2242"]
[PlyCount "29"]
[EventDate "2014.??.??"]
[WhiteTeam "SV Mülheim-Nord 2"]
[BlackTeam "SG Solingen 2"]

1. d4 Nf6 2. Nf3 g6 3. g3 Bg7 4. Bg2 O-O 5. O-O d6 6. b3 c6 7. Bb2 a5 8. a4 Na6
9. Nbd2 d5 10. Ne5 Bf5 11. Ndf3 Be4 12. Bh3 Bf5 13. Bg2 Be4 14. Bh3 Bf5 15. Bg2
1/2-1/2

[Event "SV Mülheim-Nord 2 - SG Solingen 2"]
[Site "Oberliga NRW 2013/2014"]
[Date "2014.04.27"]
[Round "9.6"]
[White "van Osch, Mees"]
[Black "Scheffner, Axel"]
[Result "0-1"]
[WhiteElo "2241"]
[BlackElo "2158"]
[PlyCount "82"]
[EventDate "2014.??.??"]
[WhiteTeam "SV Mülheim-Nord 2"]
[BlackTeam "SG Solingen 2"]

1. e4 c6 2. d4 d5 3. Nc3 dxe4 4. Nxe4 Nf6 5. Nxf6+ gxf6 6. c3 Bf5 7. Ne2 h5 8.
Ng3 Bg4 9. f3 Be6 10. Bd3 h4 11. Ne4 Bd5 12. Qe2 Bxe4 13. fxe4 e6 14. Bf4 Nd7
15. O-O-O Qa5 16. Kb1 O-O-O 17. Rhf1 Bh6 18. Bd6 Bf8 19. Bf4 Bh6 20. Bd6 Bf8
21. Bxf8 Rhxf8 22. Bc4 Qc7 23. d5 cxd5 24. exd5 Ne5 25. Bb3 exd5 26. Rxf6 Nc4
27. Qf2 Qxh2 28. Qxa7 Qe5 29. Rf3 f5 30. Rfd3 Qe4 31. Bc2 Qxg2 32. Qc5+ Kb8 33.
b3 h3 34. Rg1 Na3+ 35. Ka1 Nxc2+ 36. Kb1 Na3+ 37. Ka1 Qh2 38. Rg7 Qd6 39. Qxd6+
Rxd6 40. Kb2 Rh8 41. Rdg3 Rdh6 0-1

[Event "SV Mülheim-Nord 2 - SG Solingen 2"]
[Site "Oberliga NRW 2013/2014"]
[Date "2014.04.27"]
[Round "9.7"]
[White "Schlecht, Daniel"]
[Black "Krueger, Andre"]
[Result "1-0"]
[WhiteElo "2288"]
[BlackElo "2076"]
[PlyCount "111"]
[EventDate "2014.??.??"]
[WhiteTeam "SG Solingen 2"]
[BlackTeam "SV Mülheim-Nord 2"]

1. d4 Nf6 2. c4 e6 3. Nc3 Bb4 4. Qc2 b6 5. e4 c5 6. a3 Bxc3+ 7. bxc3 Bb7 8. Bd3
b5 9. f3 bxc4 10. Bxc4 O-O 11. Bd3 d5 12. e5 Nfd7 13. Rb1 Ba6 14. Bxh7+ Kh8 15.
Bd3 cxd4 16. Bxa6 Nxa6 17. cxd4 Qa5+ 18. Qd2 Qa4 19. Ne2 Rfc8 20. Kf2 Nb6 21.
Qd3 Rc2 22. Be3 Rac8 23. Rhc1 Rxc1 24. Rxc1 Rxc1 25. Bxc1 Nc7 26. Qb1 Kg8 27.
Qb4 Qc2 28. Qc3 Qxc3 29. Nxc3 Nc4 30. Ke2 a6 31. Kd3 Na8 32. Na4 Nc7 33. Nc5
Nb5 34. a4 Nc7 35. Bg5 a5 36. g4 Na8 37. h4 Nab6 38. Kc3 Nc8 39. h5 Na7 40. Bd8
Nc6 41. Bc7 Ne3 42. Nb7 Nd1+ 43. Kc2 Ne3+ 44. Kd3 Nc4 45. Kc3 Kh7 46. Nxa5
N6xa5 47. Bxa5 Nxa5 48. Kb4 Nc6+ 49. Kc5 Na5 50. Kb6 Nc4+ 51. Kb5 Kh6 52. a5
Nxa5 53. Kxa5 Kg5 54. Kb4 g6 55. hxg6 fxg6 56. Kc5 1-0

[Event "SV Mülheim-Nord 2 - SG Solingen 2"]
[Site "Oberliga NRW 2013/2014"]
[Date "2014.04.27"]
[Round "9.8"]
[White "Bus, Tom"]
[Black "Blasek, Ralph"]
[Result "1/2-1/2"]
[WhiteElo "2079"]
[BlackElo "2138"]
[PlyCount "41"]
[EventDate "2014.??.??"]
[WhiteTeam "SV Mülheim-Nord 2"]
[BlackTeam "SG Solingen 2"]

1. e4 c5 2. Nf3 Nc6 3. d4 cxd4 4. Nxd4 Nf6 5. Nc3 e5 6. Ndb5 d6 7. Bg5 a6 8.
Bxf6 gxf6 9. Na3 b5 10. Nd5 f5 11. c3 Bg7 12. exf5 Bxf5 13. Nc2 Ne7 14. Nce3
Be6 15. a4 Nxd5 16. Nxd5 O-O 17. Be2 Rc8 18. O-O Rc5 19. Bf3 bxa4 20. Rxa4 a5
21. b4 1/2-1/2

[Event "SG Porz 2 - SV Dinslaken 1"]
[Site "Oberliga NRW 2013/2014"]
[Date "2014.04.27"]
[Round "9.1"]
[White "Trella, Thomas"]
[Black "Miedema, David"]
[Result "1/2-1/2"]
[WhiteElo "2375"]
[BlackElo "2403"]
[PlyCount "61"]
[EventDate "2014.??.??"]
[WhiteTeam "SV Dinslaken 1"]
[BlackTeam "SG Porz 2"]

1. Nf3 Nf6 2. g3 d5 3. Bg2 c5 4. d4 cxd4 5. O-O Nc6 6. Nxd4 e5 7. Nxc6 bxc6 8.
c4 Rb8 9. Qa4 Rb4 10. Qxc6+ Bd7 11. Qa6 Rxc4 12. Bg5 Qb6 13. Qxb6 axb6 14. Bxf6
gxf6 15. Bxd5 Rc2 16. Nc3 Bb4 17. Rab1 Bf5 18. e4 Bg4 19. Bb3 Rd2 20. Nd5 Be7
21. Kg2 f5 22. Nc3 f4 23. Bd1 Be6 24. Bf3 Bc5 25. b4 Bd4 26. Ne2 Bc4 27. Rfe1
fxg3 28. hxg3 Rxa2 29. Nxd4 exd4 30. Rbc1 b5 31. Red1 1/2-1/2

[Event "SG Porz 2 - SV Dinslaken 1"]
[Site "Oberliga NRW 2013/2014"]
[Date "2014.04.27"]
[Round "9.2"]
[White "Malykin, Vitaly"]
[Black "Sielecki, Christof"]
[Result "1/2-1/2"]
[WhiteElo "2314"]
[BlackElo "2385"]
[PlyCount "38"]
[EventDate "2014.??.??"]
[WhiteTeam "SG Porz 2"]
[BlackTeam "SV Dinslaken 1"]

1. Nf3 c5 2. c4 Nc6 3. Nc3 g6 4. e3 Nf6 5. d4 cxd4 6. exd4 d5 7. cxd5 Nxd5 8.
Qb3 e6 9. Bg5 Be7 10. Bh6 Bf8 11. Bxf8 Kxf8 12. Rc1 Kg7 13. g3 Qb6 14. Bg2 Qxb3
15. axb3 Rd8 16. O-O Ndb4 17. Rfd1 Rb8 18. Ne5 Bd7 19. Nc4 Be8 1/2-1/2

[Event "SG Porz 2 - SV Dinslaken 1"]
[Site "Oberliga NRW 2013/2014"]
[Date "2014.04.27"]
[Round "9.3"]
[White "Kern, Guido"]
[Black "Gallinnis, Norbert"]
[Result "1-0"]
[WhiteElo "2253"]
[BlackElo "2259"]
[PlyCount "53"]
[EventDate "2014.??.??"]
[WhiteTeam "SV Dinslaken 1"]
[BlackTeam "SG Porz 2"]

1. c4 Nf6 2. Nf3 g6 3. Nc3 Bg7 4. e4 d6 5. d4 O-O 6. h3 Na6 7. Bd3 c5 8. d5 e6
9. O-O exd5 10. exd5 Nc7 11. Rb1 Re8 12. Bg5 h6 13. Be3 Nh5 14. Qd2 g5 15. g4
Nf6 16. Rfe1 Nd7 17. Ne4 Nf8 18. Ng3 Ng6 19. Kg2 b5 20. b3 bxc4 21. bxc4 Bd7
22. Qc2 Ne5 23. Nxe5 Rxe5 24. Bd2 Ne8 25. Bf5 Rxe1 26. Rxe1 Nf6 27. Bc3 1-0

[Event "SG Porz 2 - SV Dinslaken 1"]
[Site "Oberliga NRW 2013/2014"]
[Date "2014.04.27"]
[Round "9.4"]
[White "Peschlow, Patrick"]
[Black "Mundorf, Johannes"]
[Result "1-0"]
[WhiteElo "2288"]
[BlackElo "2208"]
[PlyCount "77"]
[EventDate "2014.??.??"]
[WhiteTeam "SG Porz 2"]
[BlackTeam "SV Dinslaken 1"]

1. e4 e6 2. d4 d5 3. Nc3 Nf6 4. e5 Nfd7 5. f4 c5 6. Nf3 Be7 7. Be3 b6 8. g3 Nc6
9. Qd2 O-O 10. Be2 f5 11. O-O a6 12. dxc5 Nxc5 13. Nd4 Bb7 14. g4 g6 15. Rad1
Nxd4 16. Bxd4 Ne4 17. Nxe4 fxe4 18. Qe3 Bc5 19. g5 Qe7 20. Rf2 Bxd4 21. Rxd4
Rf7 22. c3 Raf8 23. Bg4 Bc8 24. c4 Qc5 25. b4 Qxb4 26. cxd5 Qc5 27. dxe6 Re7
28. Rxe4 Qxe3 29. Rxe3 Bxe6 30. Bxe6+ Rxe6 31. Rc3 b5 32. Kg2 a5 33. Rc5 Rb6
34. Kf3 a4 35. Rb2 b4 36. Ra5 Rc8 37. Rxa4 Rc3+ 38. Kg4 Rc4 39. a3 1-0

[Event "SG Porz 2 - SV Dinslaken 1"]
[Site "Oberliga NRW 2013/2014"]
[Date "2014.04.27"]
[Round "9.5"]
[White "Ossig, Rainer"]
[Black "Wagenknecht, Uwe"]
[Result "1/2-1/2"]
[WhiteElo "2110"]
[BlackElo "2165"]
[PlyCount "55"]
[EventDate "2014.??.??"]
[WhiteTeam "SV Dinslaken 1"]
[BlackTeam "SG Porz 2"]

1. Nf3 b6 2. g3 Bb7 3. Bg2 g6 4. O-O Bg7 5. c4 e5 6. Nc3 Ne7 7. d3 O-O 8. Bg5
h6 9. Bd2 c6 10. a4 a5 11. Qb3 Na6 12. Be3 Nb4 13. Ne1 Nf5 14. Bd2 Nd4 15. Qd1
d5 16. e3 Ne6 17. cxd5 cxd5 18. Nb5 Na6 19. Nc2 Qd7 20. d4 e4 21. Re1 Rfc8 22.
Bf1 Bf8 23. Bc3 Nac7 24. Nca3 Bc6 25. Qb3 Nxb5 26. Nxb5 Nc7 27. Nxc7 Rxc7 28.
Rec1 1/2-1/2

[Event "SG Porz 2 - SV Dinslaken 1"]
[Site "Oberliga NRW 2013/2014"]
[Date "2014.04.27"]
[Round "9.6"]
[White "Pauly, Carlo"]
[Black "Neuer, Thomas"]
[Result "1-0"]
[WhiteElo "2117"]
[BlackElo "2062"]
[PlyCount "61"]
[EventDate "2014.??.??"]
[WhiteTeam "SG Porz 2"]
[BlackTeam "SV Dinslaken 1"]

1. d4 e6 2. c4 Bb4+ 3. Nd2 c5 4. a3 Bxd2+ 5. Qxd2 cxd4 6. Nf3 Nc6 7. Nxd4 d5 8.
cxd5 exd5 9. b3 Nxd4 10. Qxd4 Qf6 11. Bb2 Qxd4 12. Bxd4 f6 13. g3 Ne7 14. Bg2
Be6 15. f4 Kf7 16. O-O Rhd8 17. e3 b6 18. a4 g6 19. a5 Nc6 20. Rfc1 Nxd4 21.
Rc7+ Kg8 22. exd4 Rab8 23. Re1 Bf5 24. a6 Rbc8 25. Rxa7 Be4 26. Rb7 f5 27. Rxb6
Rc2 28. Bxe4 dxe4 29. Ra1 e3 30. a7 e2 31. Rb8 1-0

[Event "SG Porz 2 - SV Dinslaken 1"]
[Site "Oberliga NRW 2013/2014"]
[Date "2014.04.27"]
[Round "9.7"]
[White "Walter, Andreas"]
[Black "Finke, Kai"]
[Result "1/2-1/2"]
[WhiteElo "2122"]
[BlackElo "2044"]
[PlyCount "57"]
[EventDate "2014.??.??"]
[WhiteTeam "SV Dinslaken 1"]
[BlackTeam "SG Porz 2"]

1. d4 Nf6 2. c4 e6 3. Nc3 c5 4. d5 exd5 5. cxd5 d6 6. Nf3 g6 7. Bf4 Nh5 8. Qa4+
Qd7 9. Qe4+ Be7 10. Bh6 f5 11. Qc2 b5 12. e4 a6 13. exf5 Qxf5 14. Bd3 Qg4 15.
O-O c4 16. Be4 Nf4 17. Bxf4 Qxf4 18. a4 bxa4 19. Rxa4 O-O 20. Rxc4 Nd7 21. Bd3
Qf7 22. Rc6 Nc5 23. Rc7 Bd7 24. Ne4 Rfc8 25. Rxc8+ Rxc8 26. Nxc5 Rxc5 27. Qe2
a5 28. Nd2 a4 29. Ne4 1/2-1/2

[Event "SG Porz 2 - SV Dinslaken 1"]
[Site "Oberliga NRW 2013/2014"]
[Date "2014.04.27"]
[Round "9.8"]
[White "Mihalevica, Diana"]
[Black "Stillger, Bernhard"]
[Result "0-1"]
[WhiteElo "2006"]
[BlackElo "2195"]
[PlyCount "64"]
[EventDate "2014.??.??"]
[WhiteTeam "SG Porz 2"]
[BlackTeam "SV Dinslaken 1"]

1. e4 Nf6 2. e5 Nd5 3. c4 Nb6 4. d4 d6 5. f4 dxe5 6. fxe5 Nc6 7. Be3 Bf5 8. Nf3
e6 9. Nc3 Be7 10. Bd3 Bxd3 11. Qxd3 Nb4 12. Qe2 c5 13. dxc5 Nd3+ 14. Kf1 Nxc5
15. Rd1 Qc8 16. b4 Nca4 17. Nxa4 Nxa4 18. Qc2 Nb6 19. Bxb6 axb6 20. Qb3 O-O 21.
Kf2 Qc6 22. Rd3 Rfc8 23. Rc1 b5 24. Rdc3 bxc4 25. Rxc4 Qb6+ 26. Kf1 Rd8 27. a3
h6 28. Rc7 Bf8 29. g4 Qa6+ 30. Kg2 Qe2+ 31. Kg1 Rd3 32. Qc2 Qxc2 0-1

[Event "SV Castrop-Rauxel 1 - SK Münster 1"]
[Site "Oberliga NRW 2013/2014"]
[Date "2014.04.27"]
[Round "9.1"]
[White "Cuijpers, Frans Andre"]
[Black "Van Eijk, Sander"]
[Result "1/2-1/2"]
[WhiteElo "2414"]
[BlackElo "2364"]
[PlyCount "114"]
[EventDate "2014.??.??"]
[WhiteTeam "SK Münster 1"]
[BlackTeam "SV Castrop-Rauxel 1"]

1. e4 c5 2. Nf3 e6 3. d4 cxd4 4. Nxd4 a6 5. Nc3 Qc7 6. Bd3 Nf6 7. O-O Nc6 8.
Nxc6 dxc6 9. f4 e5 10. Qf3 Bc5+ 11. Kh1 Bd4 12. f5 b5 13. Ne2 Bb6 14. c4 Bb7
15. Bg5 b4 16. a3 a5 17. Qg3 O-O-O 18. axb4 axb4 19. Bc2 h5 20. h3 Qd6 21. Rad1
Qc5 22. Rxd8+ Bxd8 23. b3 h4 24. Be3 Qxc4 25. bxc4 hxg3 26. Bc5 b3 27. Bd3 Nd7
28. Ba3 Bb6 29. Rb1 Nc5 30. Bxc5 Bxc5 31. Nxg3 Bd4 32. Rxb3 c5 33. Be2 Kc7 34.
Ra3 Bf2 35. Kh2 Rd8 36. Bd3 g6 37. fxg6 fxg6 38. Ne2 Bd4 39. Kg3 Rf8 40. Ra5
Bf2+ 41. Kh2 g5 42. Ng3 g4 43. Nf5 Rd8 44. Ra3 Bc8 45. g3 gxh3 46. Kxh3 Rg8 47.
g4 Rd8 48. Ne7 Kd6 49. Nd5 Rh8+ 50. Kg2 Bh4 51. Be2 Rf8 52. Bf3 Rg8 53. Ne3 Bg5
54. Nf5+ Kc7 55. Ra5 Kb6 56. Ra2 Rd8 57. Be2 Bb7 1/2-1/2

[Event "SV Castrop-Rauxel 1 - SK Münster 1"]
[Site "Oberliga NRW 2013/2014"]
[Date "2014.04.27"]
[Round "9.2"]
[White "Kartsev, Alexandr"]
[Black "Kuijf, Marinus"]
[Result "1-0"]
[WhiteElo "2189"]
[BlackElo "2357"]
[PlyCount "73"]
[EventDate "2014.??.??"]
[WhiteTeam "SV Castrop-Rauxel 1"]
[BlackTeam "SK Münster 1"]

1. e4 e6 2. d4 d5 3. e5 c5 4. c3 Nc6 5. Nf3 Bd7 6. Be2 f6 7. O-O fxe5 8. dxe5
Qc7 9. Re1 O-O-O 10. c4 d4 11. Nbd2 Nh6 12. Bd3 Nf7 13. Qe2 g5 14. Ne4 h6 15.
Nf6 Bg7 16. h4 Bxf6 17. exf6 Rdf8 18. g3 Nb4 19. Bg6 d3 20. Bxd3 Nxd3 21. Qxd3
e5 22. h5 Bg4 23. Nh2 Rd8 24. Qc2 Qd7 25. Be3 Bxh5 26. Bxc5 Rdg8 27. Bxa7 Bg6
28. Qc3 Qa4 29. Bb6 h5 30. b3 Qc6 31. Qa5 Kd7 32. Rad1+ Ke6 33. Bc7 e4 34. Nf3
Kxf6 35. Be5+ Ke7 36. Bxh8 Rxh8 37. Ne5 1-0

[Event "SV Castrop-Rauxel 1 - SK Münster 1"]
[Site "Oberliga NRW 2013/2014"]
[Date "2014.04.27"]
[Round "9.3"]
[White "Bosboom, Manuel"]
[Black "Sokalsky, Alexander"]
[Result "1-0"]
[WhiteElo "2437"]
[BlackElo "2217"]
[PlyCount "97"]
[EventDate "2014.??.??"]
[WhiteTeam "SK Münster 1"]
[BlackTeam "SV Castrop-Rauxel 1"]

1. c4 c6 2. Nf3 Nf6 3. b3 e6 4. Bb2 d5 5. e3 Nbd7 6. Qc2 Bd6 7. Nc3 Qe7 8. Rc1
O-O 9. Be2 a6 10. Rg1 Ba3 11. g4 Bxb2 12. Qxb2 Ne4 13. h4 Nxc3 14. Qxc3 e5 15.
cxd5 cxd5 16. h5 Re8 17. h6 g6 18. g5 Rb8 19. d4 e4 20. Nh2 Nf8 21. Qc5 Qd8 22.
Qc7 Bf5 23. Qxd8 Rexd8 24. Kd2 Ne6 25. f4 exf3 26. Nxf3 Rbc8 27. Bd3 Rxc1 28.
Rxc1 Be4 29. Bxe4 dxe4 30. Ne5 Nxg5 31. Nd7 f5 32. Rc7 Kf7 33. Rxb7 Ke6 34.
Nc5+ Kd5 35. Nxa6 Nf3+ 36. Ke2 f4 37. Rxh7 Ng5 38. Rg7 f3+ 39. Kf1 Rc8 40. Nb4+
Ke6 41. Rxg6+ Kf5 42. Nc6 Rc7 43. Rd6 Nf7 44. h7 Nh8 45. Rh6 Kg5 46. Re6 Kf5
47. d5 Rxh7 48. Nd4+ Kg5 49. Rxe4 1-0

[Event "SV Castrop-Rauxel 1 - SK Münster 1"]
[Site "Oberliga NRW 2013/2014"]
[Date "2014.04.27"]
[Round "9.4"]
[White "Kartsev, Soel"]
[Black "Molinaroli, Martin"]
[Result "1-0"]
[WhiteElo "2219"]
[BlackElo "2220"]
[PlyCount "95"]
[EventDate "2014.??.??"]
[WhiteTeam "SV Castrop-Rauxel 1"]
[BlackTeam "SK Münster 1"]

1. e4 c6 2. d4 d5 3. Nc3 dxe4 4. Nxe4 Nf6 5. Nxf6+ exf6 6. Nf3 Bd6 7. Be3 O-O
8. Be2 Re8 9. O-O Nd7 10. c4 Nf8 11. d5 c5 12. b4 b6 13. bxc5 bxc5 14. Rb1 Qc7
15. Qa4 Bf5 16. Rb2 Rab8 17. Rxb8 Rxb8 18. Rd1 Rb2 19. Kf1 Bc2 20. Qa3 Qb6 21.
Rc1 Bb1 22. Qa4 Rxa2 23. Qe8 Bf5 24. Nd2 Qb2 25. Re1 Ra1 26. Nf3 Bd7 27. Qa8 a5
28. Qa6 Rxe1+ 29. Nxe1 Qe5 30. Qxa5 Qxh2 31. Nf3 Qh1+ 32. Ng1 h5 33. Bxc5 Bh2
34. f4 Bxg1 35. Bxg1 h4 36. Qa3 h3 37. Qg3 Ng6 38. Bf3 Nh4 39. Kf2 hxg2 40. Qh2
Bh3 41. Qxh1 gxh1=Q 42. Bxh1 Bc8 43. d6 Ng6 44. Kg3 Nf8 45. c5 g5 46. c6 gxf4+
47. Kxf4 Be6 48. Be4 1-0

[Event "SV Castrop-Rauxel 1 - SK Münster 1"]
[Site "Oberliga NRW 2013/2014"]
[Date "2014.04.27"]
[Round "9.5"]
[White "Emunds, Hans Georg"]
[Black "Kusnetsov, Mark"]
[Result "1/2-1/2"]
[WhiteElo "2203"]
[BlackElo "2175"]
[Annotator "Doe,John"]
[PlyCount "45"]
[EventDate "2014.??.??"]
[WhiteTeam "SK Münster 1"]
[BlackTeam "SV Castrop-Rauxel 1"]

1. e4 e5 2. Nf3 Nf6 3. d4 d5 4. Nxe5 Nxe4 5. Bd3 Bd6 6. O-O Nc6 7. Nxc6 bxc6 8.
Nd2 O-O 9. Nxe4 dxe4 10. Be2 f5 11. Bc4+ Kh8 12. Re1 Qf6 13. c3 Bd7 14. Qh5 Be8
15. Qg5 Qxg5 16. Bxg5 h6 17. Bd2 c5 $11 18. dxc5 Bxc5 19. Bf4 Rd8 20. Rad1 Bh5
21. Rxd8 Rxd8 22. h3 g5 23. Bxc7 1/2-1/2

[Event "SV Castrop-Rauxel 1 - SK Münster 1"]
[Site "Oberliga NRW 2013/2014"]
[Date "2014.04.27"]
[Round "9.6"]
[White "Werrn, Pascal"]
[Black "Wolter, Kai"]
[Result "0-1"]
[WhiteElo "2039"]
[BlackElo "2232"]
[PlyCount "66"]
[EventDate "2014.??.??"]
[WhiteTeam "SV Castrop-Rauxel 1"]
[BlackTeam "SK Münster 1"]

1. d4 Nf6 2. Nf3 g6 3. Bg5 Bg7 4. Nbd2 O-O 5. e4 d5 6. e5 Ne4 7. Bd3 Bf5 8. g4
Bxg4 9. Nxe4 dxe4 10. Bxe4 c6 11. Be3 Nd7 12. h3 Bh5 13. Qd3 Nb6 14. c4 f5 15.
exf6 exf6 16. Ng1 Qe7 17. c5 Nd5 18. Bxd5+ cxd5 19. Ne2 f5 20. Nf4 Bf3 21. O-O
g5 22. Ng2 f4 23. Bd2 Be2 24. Rfe1 Rae8 25. Qb3 Qd7 26. Rac1 Kh8 27. Kh2 Rf6
28. h4 Rh6 29. Qh3 Qf7 30. b4 f3 31. Bxg5 fxg2 32. Bxh6 Bxh6 33. Rc2 Qxf2 0-1

[Event "SV Castrop-Rauxel 1 - SK Münster 1"]
[Site "Oberliga NRW 2013/2014"]
[Date "2014.04.27"]
[Round "9.7"]
[White "Bolwerk, Peter"]
[Black "Mueller, Frank"]
[Result "0-1"]
[WhiteElo "2222"]
[BlackElo "1978"]
[PlyCount "102"]
[EventDate "2014.??.??"]
[WhiteTeam "SK Münster 1"]
[BlackTeam "SV Castrop-Rauxel 1"]

1. e4 c5 2. Nf3 e6 3. d4 cxd4 4. Nxd4 a6 5. Bd3 g6 6. Nc3 Bg7 7. Be3 Ne7 8. Nf3
Nbc6 9. O-O b5 10. Qd2 Bb7 11. Bh6 O-O 12. e5 d6 13. exd6 Qxd6 14. Ne4 Qd5 15.
Qf4 f5 16. Nc3 Bxc3 17. bxc3 e5 18. Qh4 e4 19. Bxf8 Kxf8 20. Qh6+ Ke8 21. Ng5
exd3 22. Nxh7 Kd8 23. Rad1 Ne5 24. f3 Kc7 25. cxd3 Rd8 26. Qg7 N5c6 27. Rfe1
Kb8 28. Ng5 Qxa2 29. Ne6 Rd5 30. Nf4 Rd7 31. Nxg6 Qc2 32. Nf4 Ka7 33. Kh1 Rd8
34. d4 Qxc3 35. Ne6 Rg8 36. Qh6 Rg6 37. Qh7 Qc2 38. Nf4 Rd6 39. d5 Nxd5 40.
Rxd5 Rxd5 41. Nxd5 Qd2 42. Qh4 Qxd5 43. Qf2+ Qd4 44. Qc2 Ne5 45. Rd1 Qb6 46.
Qxf5 Nxf3 47. Qf7 Nh4 48. Rd7 Nxg2 49. Rxb7+ Qxb7 50. Qf2+ Ne3+ 51. Kg1 Qg2+
0-1

[Event "SV Castrop-Rauxel 1 - SK Münster 1"]
[Site "Oberliga NRW 2013/2014"]
[Date "2014.04.27"]
[Round "9.8"]
[White "Mittelbachert, Ulrich"]
[Black "Kamp, Christoph"]
[Result "0-1"]
[WhiteElo "1848"]
[BlackElo "2147"]
[PlyCount "54"]
[EventDate "2014.??.??"]
[WhiteTeam "SV Castrop-Rauxel 1"]
[BlackTeam "SK Münster 1"]

1. Nf3 d5 2. g3 Nf6 3. Bg2 e6 4. d3 c5 5. Nbd2 b6 6. O-O Bb7 7. Re1 Be7 8. c3
Nc6 9. e4 h6 10. a3 Qc7 11. Qe2 a5 12. a4 Ba6 13. e5 Nd7 14. Nf1 g5 15. h3
O-O-O 16. Bd2 Kb8 17. b4 cxb4 18. cxb4 Nxb4 19. Bxb4 Bxb4 20. Rec1 Qb7 21. N1d2
Nc5 22. Nd4 Qd7 23. Qe3 Rc8 24. Nb5 Bxb5 25. axb5 Bxd2 26. Qxd2 Nb3 27. Rxc8+
Rxc8 0-1

[Event "SV Wattenscheid 2 - Klub Kölner SF 1"]
[Site "Oberliga NRW 2013/2014"]
[Date "2014.04.27"]
[Round "9.1"]
[White "Morawietz, Dieter"]
[Black "Mladenov, Svetlin"]
[Result "1-0"]
[WhiteElo "2300"]
[BlackElo "2467"]
[PlyCount "73"]
[EventDate "2014.??.??"]
[WhiteTeam "Klub Kölner SF 1"]
[BlackTeam "SV Wattenscheid 2"]

1. e4 c5 2. Nf3 e6 3. d4 cxd4 4. Nxd4 a6 5. Bd3 Qc7 6. O-O Nf6 7. Kh1 d6 8. f4
Nbd7 9. c4 Nc5 10. Nc3 Nxd3 11. Qxd3 Be7 12. f5 Bd7 13. Bd2 O-O 14. Rac1 Rae8
15. b3 Bd8 16. Nde2 exf5 17. exf5 Qc5 18. Ng3 Bc6 19. h3 Ba5 20. Bf4 Bxc3 21.
Rxc3 d5 22. Qd2 d4 23. Rd3 Ne4 24. Nxe4 Rxe4 25. f6 Rfe8 26. Rg3 g6 27. Rf2
Re1+ 28. Kh2 Qf5 29. Qxd4 Qb1 30. Re3 Rh1+ 31. Kg3 Rc8 32. Rd3 h5 33. Re2 Kh7
34. Re7 Rf8 35. Rd2 Qf5 36. Qe5 Qb1 37. Qg5 1-0

[Event "SV Wattenscheid 2 - Klub Kölner SF 1"]
[Site "Oberliga NRW 2013/2014"]
[Date "2014.04.27"]
[Round "9.2"]
[White "Straeter, Timo"]
[Black "Helbig, Mark"]
[Result "1/2-1/2"]
[WhiteElo "2324"]
[BlackElo "2243"]
[PlyCount "58"]
[EventDate "2014.??.??"]
[WhiteTeam "SV Wattenscheid 2"]
[BlackTeam "Klub Kölner SF 1"]

1. d4 Nf6 2. c4 e6 3. Nc3 Bb4 4. e3 b6 5. Bd3 Bb7 6. Nf3 O-O 7. O-O d5 8. a3
Bxc3 9. bxc3 Nbd7 10. cxd5 exd5 11. c4 Re8 12. Bb2 Ne4 13. Rc1 dxc4 14. Bxc4
Nd6 15. Ba2 Rc8 16. Ne5 Qg5 17. f3 Qxe3+ 18. Kh1 Nf6 19. Re1 Qg5 20. Qd3 Re7
21. Bb1 Rce8 22. Bc3 Qh5 23. Bd2 Ba8 24. Rg1 c5 25. g4 Qh4 26. Be1 Qg5 27. Bd2
Qh4 28. Be1 Qg5 29. Bd2 Qh4 1/2-1/2